Logo BPK

Biblioteka

Politechniki Koszalińskiej

Finite element analysis / (Rekord nr 30857)

Szczegóły MARC
000 -ETYKIETA REKORDU
podpole kontrolne o stałej długości 00606nam a2200217 i 4500
001 - NUMER KONTROLNY REKORDU
pole kontrolne bg
020 ## - MIĘDZYNARODOWY ZNORMALIZOWANY NUMER KSIĄŻKI - ISBN
ISBN 0471502731
040 ## - ŹRÓDŁO KATALOGOWANIA
Instytucja, która utworzyła rekord BPK
041 0# - KOD JĘZYKA
Kod języka tekstu en
080 ## - UNIWERSALNA KLASYFIKACJA DZIESIĘTNA - UKD
UKD 519.61/.65
920 ## - Międzynarodowy znormalizowany numer książki – ISBN
ISBN 0-471-50273-1
008 - POLE O STAŁEJ DŁUGOŚCI - DANE KONTROLNE
podpole kontrolne o stałej długości s pl f |000 0 pol
100 1# - NAZWA OSOBOWA
Nazwa osobowa SZABÓ, Barna Aladar
245 10 - TYTUŁ/ODPOWIEDZIALNOŚĆ
Tytuł Finite element analysis /
Pozostałe elementy strefy tytułu i oznaczenia odpowiedzialności Barna Szabó, Ivo Babuška.
260 ## - STREFA ADRESU WYDAWNICZEGO
Miejsce wydania New York [et al.] :
Nazwa wydawcy/dystrybutora John Wiley,
Data publikacji, dystrybucji/powstania dokumentu 1991.
300 ## - STREFA OPISU FIZYCZNEGO
Objętość XV, 368 s. :
Inne cechy fizyczne rys., wykr. ;
Rozmiary 24 cm.
504 ## - UWAGA DOTYCZĄCA BIBLIOGRAFII
Informacje o bibliografii Bibliogr. s. 358-362. - Indeks.
650 #9 - HASŁO PRZEDMIOTOWE W FORMIE NAZWY OGÓLNEJ LUB JEDNOSTKOWEJ
Nazwa ogólna lub geograficzna Metoda elementów skończonych
700 1# - HASŁO DODATKOWE - NAZWA OSOBOWA
Nazwa osobowa BABUŠKA, Ivo
856 ## - LOKALIZACJA I DOSTĘP DO ELEKTRONICZNYCH DOKUMENTÓW ZDALNYCH
Link (URL) http://koha.tu.koszalin.pl/cgi-bin/koha/opac-detail.pl?biblionumber=30857
Tekst linku Katalog online BPK
942 ## - DODATKOWE ELEMENTY (KOHA)
Typ dokumentu Książka
Egzemplarze
Wycofany Status egzemplarza Uszkodzony Dostępność Lokalizacja stała Lokalizacja bieżąca Miejsce przechowywania Sygnatura Kod kreskowy Typ dokumentu
      Dostępny Biblioteka Politechniki Koszalińskiej Biblioteka Politechniki Koszalińskiej Wypożyczalnia BG 37776 01183092 Książka
© 2023 Biblioteka Politechniki Koszalińskiej :: KOHA